000 02809nas1a22002651i 4500
001 RU\NLR\Per\994924
005 20260409064222.0
035 _a(NLR Aleph) 010234650
090 _a10371259
_c10371259
100 _a20131213a200 9999|||y0rusy50 ca
101 0 _arus
102 _aRU
110 _azu|||||||||
200 1 _aТеория и практика гуманизации педагогического процесса
_eсборник научно-методических трудов
_fФГБОУ ВПО "Вост.-Сиб. гос. акад. образования", Иркут. регион. отд-ние Всерос. обществ. орг. "Центр гуман. педагогики"
210 _aИркутск
_cФГБОУ ВПО "Восточно-Сибирская государственная академия образования"
_d2013 -
606 _aОбразование
_jПериодические издания
_xГуманизация
_92492570
_3RU\NLR\AUTH\661478872
686 1 _aЧ312.1я54
712 0 2 _4570
_aВосточно-Сибирская государственная академия образования
_cИркутск
_3RU\NLR\AUTH\8810145075
_9784516
712 0 2 _4570
_aИркутский государственный университет
_bПедагогический институт
_3RU\NLR\AUTH\880397122
_9460840
852 _aNLR
_jП28/2606
942 _cCOLLECTION
980 _aRUSPER